[Event "Asia-ch U20 Girls"]
[Site "New Delhi"]
[Date "2006.11.14"]
[Round "9.11"]
[White "Nguyen, Thi Hanh"]
[Black "Dhara, Gupta"]
[Result "1-0"]
[WhiteElo "2022"]
[BlackElo "1875"]
[PlyCount "41"]
[EventDate "2006.11.07"]
[EventType "swiss"]
[EventRounds "9"]
[EventCountry "IND"]
[SourceTitle "CBM 115 Extra"]
[Source "ChessBase"]
[SourceDate "2007.01.10"]
[SourceVersion "1"]
[SourceVersionDate "2007.01.10"]
[SourceQuality "1"]

1. d4 Nf6 2. Nf3 d5 3. Bg5 e6 4. e3 Be7 5. Bd3 Nbd7 6. Nbd2 c5 7. c3 b6 8. 0-0 Bb7 9. Ne5 0-0 10. f4 Ne4 11. Bxe7 Qxe7 12. Nxd7 Qxd7 13. Nxe4 dxe4 14. Be2 cxd4 15. Qxd4 Qxd4 16. exd4 f5 17. Kf2 Rac8 18. Ke3 Bd5 19. Rg1 Rf6 20. c4 Bb7 21. b4 1-0

[Event "Asia-ch U20 Girls"]
[Site "New Delhi"]
[Date "2006.11.13"]
[Round "8.8"]
[White "Priya Panneer, Ramachandran"]
[Black "Dhara, Gupta"]
[Result "1-0"]
[WhiteElo "2128"]
[BlackElo "1875"]
[PlyCount "145"]
[EventDate "2006.11.07"]
[EventType "swiss"]
[EventRounds "9"]
[EventCountry "IND"]
[SourceTitle "CBM 115 Extra"]
[Source "ChessBase"]
[SourceDate "2007.01.10"]
[SourceVersion "1"]
[SourceVersionDate "2007.01.10"]
[SourceQuality "1"]

1. e4 c5 2. c3 d5 3. exd5 Qxd5 4. d4 Nf6 5. Nf3 e6 6. Be2 Nc6 7. 0-0 cxd4 8. cxd4 Be7 9. Nc3 Qd6 10. Nb5 Qd8 11. Ne5 Bd7 12. Nc3 0-0 13. Bf3 Rc8 14. Be3 a6 15. Rc1 Be8 16. Qe2 Nd5 17. Nxd5 exd5 18. Rfd1 Bf6 19. Rc5 Ne7 20. Ng4 Rc6 21. Qd3 Re6 22. Nxf6+ gxf6 23. Bh6 Bb5 24. Rxb5 axb5 25. Bxf8 Qxf8 26. Qxb5 Qc8 27. h3 Kg7 28. a3 b6 29. Bg4 f5 30. Bf3 Qc7 31. Qd3 Qc8 32. Qd2 Qd7 33. Qg5+ Rg6 34. Qf4 Re6 35. Rc1 Ng6 36. Qc7 Qb5 37. Qc2 Qd7 38. b4 Ne7 39. Qd2 Qa4 40. Qg5+ Ng6 41. Bxd5 Re7 42. Qg3 Qd7 43. Qf3 Qe8 44. Qxf5 Re1+ 45. Rxe1 Qxe1+ 46. Kh2 f6 47. Bc4 Qc1 48. Be6 Qxa3 49. b5 Qd6+ 50. g3 Qxd4 51. h4 Ne5 52. h5 h6 53. Qc2 Ng4+ 54. Bxg4 Qxg4 55. Qc7+ Kf8 56. Qd6+ Kf7 57. Qd5+ Ke7 58. Kg2 f5 59. Qb7+ Ke8 60. Qxb6 Qxh5 61. Qc6+ Ke7 62. b6 f4 63. Qc7+ Ke6 64. Qxf4 Qb5 65. Qxh6+ Kd7 66. Qg7+ Kd6 67. Qc7+ Ke6 68. Qc8+ Kf6 69. b7 Qd5+ 70. Kh2 Qh5+ 71. Qh3 Qe8 72. Qh6+ Kf5 73. Qf4+ 1-0

[Event "Asia-ch U20 Girls"]
[Site "New Delhi"]
[Date "2006.11.08"]
[Round "2.12"]
[White "Dhara, Gupta"]
[Black "Karunanayake, Mauri"]
[Result "1-0"]
[WhiteElo "1875"]
[BlackElo "2206"]
[PlyCount "59"]
[EventDate "2006.11.07"]
[EventType "swiss"]
[EventRounds "9"]
[EventCountry "IND"]
[SourceTitle "CBM 115 Extra"]
[Source "ChessBase"]
[SourceDate "2007.01.10"]
[SourceVersion "1"]
[SourceVersionDate "2007.01.10"]
[SourceQuality "1"]

1. e4 c5 2. Nf3 d6 3. d4 cxd4 4. Nxd4 Nf6 5. Nc3 g6 6. Be3 Bg7 7. f3 0-0 8. Qd2 Nc6 9. Bc4 Bd7 10. 0-0-0 Rb8 11. g4 Qa5 12. Bb3 Rfc8 13. h4 h5 14. gxh5 Nxh5 15. Rdg1 Bf6 16. Rxg6+ Ng7 17. Rg2 e6 18. h5 Kh7 19. h6 Ne8 20. Nde2 Ne5 21. f4 Nc4 22. Bxc4 Rxc4 23. e5 Bc6 24. Qd3+ Kh8 25. Rhg1 Bxg2 26. Qxc4 Bd5 27. Qd4 dxe5 28. fxe5 Be7 29. Qg4 Kh7 30. Qg8# 1-0